000 00489nam a2200181Ia 4500
008 100920s9999 xx 000 0 und d
082 _b92811
_a24 न 05
100 _aCHANA W.S.
245 _aTHE QUALITY ASSURANPE MANUAL.
260 _bHAR ANAND RTLID, DELHI.
_c2005
300 _a292
_bसाधी
365 _b695
520 _aसायो.
630 _aTHE QUALITY ASSURANPE MANUAL.
650 _aसायो.
730 _aTHE QUALITY ASSURANPE MANUAL.
942 _cBOOK
999 _c733254
_d733251